El hombre ante la historia
Saved in:
| Hovedforfatter: | |
|---|---|
| Format: | Bog |
| Sprog: | spansk |
| Udgivet: |
Madrid
Rialp
1957
|
| Fag: | |
| Tags: |
Tilføj Tag
Ingen Tags, Vær først til at tagge denne postø!
|
MARC
| LEADER | 00000cam a2200000 a 4500 | ||
|---|---|---|---|
| 001 | UCF0010 | ||
| 003 | CL-VaPUC | ||
| 008 | 120420e19570000SP |||||||||||||||||spa|d | ||
| 082 | 0 | 4 | |a 901 |b ALM |2 21 |
| 100 | 0 | |a Almagro, Martín |e author |9 561812 | |
| 245 | 1 | 3 | |a El hombre ante la historia |
| 300 | |a 151 p | ||
| 942 | |c BK | ||
| 945 | |d 20120420 00:00:00 |a dcastane | ||
| 260 | |a Madrid |b Rialp |c 1957 | ||
| 650 | 0 | |a Filosofía de la historia |9 265651 | |
| 650 | 0 | |a Antropología |9 233030 | |
| 583 | |a last modification |c 20120903 04:09:35 |k Rodrigo Vera | ||
| 999 | |c 347532 |d 347530 | ||
| 952 | |0 0 |1 0 |4 0 |6 901_000000000000000_ALM_1957 |7 0 |8 A |9 448939 |a BIBHIS |b BIBHIS |d 2019-11-22 |i 4854829 |o 901 ALM 1957 |p 4854829 |r 2025-01-20 |w 2019-11-22 |y BK |k HIS | ||